000 00497nam a2200169Ia 4500
999 _c14631
_d14631
003 OSt
005 20201116104230.0
008 190216s9999||||xx |||||||||||||| ||und||
040 _coclc
082 _a421
_bRAN/A
100 _aRani, D Sudha
_96391
245 0 _aAdvanced Communication Skills Laboratory Manual /
_cD Sudha Rani
260 _bPearson Education Asia,
_c2012.
_aNew Delhi:
300 _a178p
650 _aEnglish
942 _cBK
_2ddc
_h421
_iRAN/A
_k421
_mRAN/A